| 000 | 00636nam a22001815i 4500 | ||
|---|---|---|---|
| 001 | 167214 | ||
| 003 | ES-MaACL | ||
| 005 | 20231229063055.0 | ||
| 008 | 940206s1886 sp |||| | cat d | ||
| 040 |
_aAR _bspa |
||
| 100 | 1 |
_aVerdaguer, Jacint, _d1845-1902 _9113998 |
|
| 245 | 1 | 0 |
_aCanigó _b: Llegenda pirenayca del temps de la reconquista / _cpor Mossen Jacinto Verdaguer. |
| 260 |
_aBarcelona : _bLlibreria Católica, _c1886 ( _ftipografia de Giro) |
||
| 300 |
_a255 p. [1] map. pleg. ; _c20 cm. |
||
| 596 | 1 | _aFecha de imp. tomada del colofón. | |
| 852 |
_aES-MaACL _jB-740 _z-- Enc. tela |
||
| 999 |
_c167214 _d167214 |
||